000 00581nam a2200193Ia 4500
003 GCL
008 140319s9999 xx 000 0 ara d
040 _aGCL /
_cGCL
082 0 4 _a811.9
_bف م
100 1 _aفؤاد قاعود
245 1 0 _aالمواويل: شعر /
_cفؤاد قاعود
700 1 _aفاروق عبدالقادر
300 _a77 ص
490 _aكراسات الفكر المعاصر
_v0
650 0 4 _aالادب العربى
650 0 4 _aالشعر - دواوين و قصائد
650 0 4 _aالشعر العربى الحديث
942 _2ddc
_cBK
999 _c38593
_d38593